Transnational identities : becoming European in the EU /

Bibliographic Details
Other Authors: Herrmann, Richard K., 1952-, Risse, Thomas, 1955-, Brewer, Marilynn B., 1942-
Format: Book
Language:English
Published: Lanham, Md. : Rowman & Littlefield Publishers, [2004]
Series:Governance in Europe.
Subjects:

MARC

Tag First Indicator Second Indicator Subfields
LEADER 00000pam a22000004a 4500
001 in00001835513
005 20210109063045.0
008 031110s2004 mdua b 001 0 eng
010 |a  2003024754 
020 |a 074253006X (cloth : alk. paper) 
020 |a 0742530078 (pbk. : alk. paper) 
035 |a (OCoLC)ocm53441258 
040 |a DLC  |c DLC  |d TXA  |d UtOrBLW 
042 |a pcc 
043 |a e------ 
049 |a TXAM 
050 0 0 |a JN30  |b .T7 2004 
082 0 0 |a 306.2/094  |2 22 
245 0 0 |a Transnational identities :  |b becoming European in the EU /  |c edited by Richard K. Herrmann, Thomas Risse, and Marilynn B. Brewer. 
264 1 |a Lanham, Md. :  |b Rowman & Littlefield Publishers,  |c [2004] 
264 4 |c ©2004 
300 |a viii, 305 pages :  |b illustrations ;  |c 24 cm. 
336 |a text  |b txt  |2 rdacontent 
337 |a unmediated  |b n  |2 rdamedia 
338 |a volume  |b nc  |2 rdacarrier 
490 1 |a Governance in Europe 
504 |a Includes bibliographical references (pages 273-294) and index. 
505 0 |a Identities and institutions : becoming European in the EU / Richard Herrmann and Marilynn B. Brewer -- Identity change in the context of the growing influence of European Union institutions / Glynis M. Breakwell -- European identity : a social-psychological perspective / Emanuele Castano -- National differences and European plurality : discrimination or tolerance between European countries / Amélie Mummendey and Sven Waldzus -- The European Union and its institutions as "identity builders" / Brigid Laffan -- National and transnational identities : European and other identities constructed in interviews with EU officials / Ruth Wodak -- EU correspondents in Brussels : between Europe and the nation-state / Eugenia Siapera -- More than nationals : how identity choice matters in the new Europe / Jack Citrin and John Sides -- Civic and cultural copmponents of a European identity : a pilot model of measurement of citizens' levels of European identity / Michael Bruter -- Europe viewed from below : agents, victims, and the threat of the other / Ulrike Hanna Meinhof --European institutions and identity change : what have we learned? / Thomas Risse. 
610 0 |a European Union. 
651 0 |a European Union countries  |x Politics and government. 
650 0 |a Group identity  |x Political aspects  |z Europe. 
650 0 |a Nationalism  |z Europe. 
650 0 |a Regionalism  |z Europe. 
700 1 |a Herrmann, Richard K.,  |d 1952- 
700 1 |a Risse, Thomas,  |d 1955- 
700 1 |a Brewer, Marilynn B.,  |d 1942- 
830 0 |a Governance in Europe. 
948 |a cataloged  |b h  |c 2004/8/16  |d c  |e dmitchel  |f 1:30:20 pm 
994 |a E0  |b TXA 
999 |a MARS 
999 f f |s 6fd7a951-f4cf-321f-970a-688bf7a4d1dd  |i 2102ca69-b06d-3aed-9453-45f941e4957b  |t 0 
952 f f |p ric  |a Texas A&M University  |b Rellis Campus  |c Joint Library Facility  |d Remote Storage  |t 0  |e JN30 .T7 2004  |h Library of Congress classification  |i unmediated -- volume  |m A14831272027 
998 f f |a JN30 .T7 2004  |t 0  |l Remote Storage